<?xml version="1.0" encoding="UTF-8"?><?xml-stylesheet type="text/xsl" href="static/style.xsl"?><OAI-PMH xmlns="http://www.openarchives.org/OAI/2.0/" xmlns:xsi="http://www.w3.org/2001/XMLSchema-instance" xsi:schemaLocation="http://www.openarchives.org/OAI/2.0/ http://www.openarchives.org/OAI/2.0/OAI-PMH.xsd"><responseDate>2026-06-01T07:10:30Z</responseDate><request verb="GetRecord" identifier="oai:riuma.uma.es:10630/13608" metadataPrefix="marc">https://riuma.uma.es/rest/oai/request</request><GetRecord><record><header><identifier>oai:riuma.uma.es:10630/13608</identifier><datestamp>2026-02-03T12:12:38Z</datestamp><setSpec>com_10630_2254</setSpec><setSpec>col_10630_37959</setSpec></header><metadata><record xmlns="http://www.loc.gov/MARC21/slim" xmlns:dcterms="http://purl.org/dc/terms/" xmlns:doc="http://www.lyncode.com/xoai" xmlns:xsi="http://www.w3.org/2001/XMLSchema-instance" xsi:schemaLocation="http://www.loc.gov/MARC21/slim http://www.loc.gov/standards/marcxml/schema/MARC21slim.xsd">
   <leader>00925njm 22002777a 4500</leader>
   <datafield ind2=" " ind1=" " tag="042">
      <subfield code="a">dc</subfield>
   </datafield>
   <datafield ind2=" " ind1=" " tag="720">
      <subfield code="a">Bartolo, Rossella</subfield>
      <subfield code="e">author</subfield>
   </datafield>
   <datafield ind2=" " ind1=" " tag="260">
      <subfield code="c">2017-05-09</subfield>
   </datafield>
   <datafield ind2=" " ind1=" " tag="520">
      <subfield code="a">Start ing from a new sum decomposit ion of W1,p(RN ) ∩W1,q(RN ) and using&#xd;
a variat ional approach, we invest igate the existence of mult ipleweak solut ions of&#xd;
a (p, q)–Laplacian equat ion on RN , for 1 &lt; q &lt; p &lt; N , with a sign–changing potent&#xd;
ial and a Carath´eodory react ion term sat isfying the celebrated Ambroset t i–&#xd;
Rabinowitz condit ion. Our assumpt ions are mild and different from those used&#xd;
in related papers and moreover our results improve or complement previous ones&#xd;
for the single p–Laplacian.&#xd;
1</subfield>
   </datafield>
   <datafield ind1="8" ind2=" " tag="024">
      <subfield code="a">http://hdl.handle.net/10630/13608</subfield>
   </datafield>
   <datafield tag="653" ind2=" " ind1=" ">
      <subfield code="a">Ecuaciones diferenciales</subfield>
   </datafield>
   <datafield ind2="0" ind1="0" tag="245">
      <subfield code="a">Recent results on (p,q)-Laplacian type equations</subfield>
   </datafield>
</record>
</metadata></record></GetRecord></OAI-PMH>